• 首页
  • 本馆介绍
  • 公告通知
  • 最新文献
  • 馆藏检索
  • 电子资源
  • 读者导购
  • 参考咨询
  • 我的图书馆
  • 登录
  • 详细信息显示
  • 放入我的书架
  • 预约/预借图书
  • 作者相关作品
  • 分类相关作品
  • 丛书相关作品
  • 出版社相关作品

书目信息

  • 表格格式
  • 工作单格式
  • 卡片格式
题名:
荀慧生演出剧本选
    
 
作者: 荀慧生 著
分册:  
出版信息: 上海   上海文艺出版社  1982
页数: 650页
开本: 21cm
丛书名:
单 册:
中图分类: I232.7
科图分类:
主题词: 京剧-剧本--中国--现代--选集 , 剧本-京剧--中国--现代--选集
电子资源:
ISBN:
000 00678nam0 2200241 45
001 0182009161
005 20070731113527.83
010    @dCNY1.90
091    @aCN@b8078.3279
100    @a19950605d1982 em y0chiy0121 ea
101 0  @achi
102    @aCN@b310000
105    @af z 000by
200 10 @a荀慧生演出剧本选@Axun hui sheng yan chu ju ben xuan@f荀慧生著
210    @a上海@c上海文艺出版社@d1982
215    @a650页@c剧照@d21cm
606    @a京剧-剧本@y中国@z现代@x选集
606    @a剧本-京剧@y中国@z现代@x选集
690    @aI232.7@v3
701  0 @a荀慧生@Axun hui sheng@4著
801  0 @aCN@bTSSF@c20070731
801  2 @aCN@bNLC@c20060912
905    @a10447@dI232.7@e155
    
    荀慧生演出剧本选/荀慧生著.-上海:上海文艺出版社,1982
    650页:剧照;21cm
    
    
    ISBN :CNY1.90
    
●
相关链接 在E读中查询图书 在五车中查询图书 在当当中查询图书 在豆瓣中查询图书


正题名:荀慧生演出剧本选     索取号:I232.7/155         预约/预借

序号 登录号 条形码 馆藏地/架位号 状态 备注
1 0470936   204709360   密集书库/ [索取号:I232.7/155] 在馆    
2 0474837   204748372   密集书库/ [索取号:I232.7/155] 在馆    
3 0785717   207857176   密集书库/ [索取号:I232.7/155] 在馆    
4 0786349   207863490   密集书库/ [索取号:I232.7/155] 在馆    
唐山师范学院图书馆 欢迎您!
大连网信软件有限公司© 版权所有